书目信息 |
| 书名: | Laser beam propagation in the atmosphere | |
| 作者: | edited by J. W. Strohbehn ; with contributions by S. F. Clifford ... [et al.]. | |
| 分册号: | ||
| 分册名: | 出版地: | Berlin ; |
|
| 出版社: | Springer-Verlag | |
| 出版时间: | 1978. | |
| 页数: | xi, 325 p. : | |
| 开本: | 24 cm. | |
| 丛书名: | Topics in applied physics | |
| 中图分类号: | ||
| 科图分类号: | ||
| 其他分类号: | O432 | |
| 主题词: | ||
| 电子资源: | ||
| 000 | 01011cam a2200349 a 4500 | |
| 001 | E0730148520 | |
| 005 | 20070728083127.12 | |
| 020 | @a0387088121. | |
| 090 | @aO432 | |
| 099 | @dO432@ex5 | |
| 245 | 00 | @aLaser beam propagation in the atmosphere / @cedited by J. W. Strohbehn ; with contributions by S. F. Clifford ... [et al.]. |
| 260 | @aBerlin ;@aNew York :@bSpringer-Verlag,@c1978. | |
| 300 | @axi, 325 p. :@bill. ;@c24 cm. | |
| 440 | 0 | @aTopics in applied physics ;@vv. 25 |
| 504 | @aIncludes bibliographical references and index. | |
| 700 | 10 | @aStrohbehn, J.W.,@d1936- |
| 700 | 10 | @aClifford, S.F.@q(Steven Francis),@d1943- |
| 920 | @a211180@z2 | |
| 920 | @a231030@bTN24@cS921L@z1 | |
| 920 | @a245010@z1 | |
| 920 | @a235030@z1 | |
| 920 | @a261020@z2 | |
| 920 | @a211070@z1 | |
| 920 | @a243040@z1 | |
| 920 | @a222220@z1 | |
| 920 | @a211010fg@z2 | |
| 920 | @a211168@z1 | |
| 920 | @a242030@z2 | |
| 920 | @a236010@z2 | |
| 920 | @a242010@z1 | |
| 920 | @a244050@z1 | |
| 998 | @aSJT | |
| Laser beam propagation in the atmosphere / / edited by J. W. Strohbehn ; with contributions by S. F. Clifford ... [et al.].-Berlin ; ; New York : : Springer-Verlag, , 1978. |
| xi, 325 p. : : ill. ; ; 24 cm.- (Topics in applied physics ; v. 25) |
| Includes bibliographical references and index. |
| ISBN 0387088121. |
| ● |
| 相关链接 |
|
|
|
|
正题名:Laser beam propagation in the atmosphere
索取号:O432/x5
 
预约/预借
| 序号 | 登录号 | 条形码 | 馆藏地/架位号 | 状态 | 备注 |
| 1 | 22464 | 300144029 | 密集书库/ [索取号:O432/x5] | 在馆 | |
| 2 | 22465 | 300144010 | 第二样本阅览室/ [索取号:O432/x5] | 在馆 | |
| 3 | 22466 | 300144038 | 密集书库/ [索取号:O432/x5] | 在馆 |